000
00259nam a2200097Ia 4500
001
789408
005
20250826170418.0
008
250824s9999 xx 000 0 und d
245
0
_a
DARAĞACINDA BİR BOZKURT
_c
AHMET HALDUN TERZİOĞLU
260
_b
PANAMA YAYINLARI
999
_c
789408
_d
789408